[Event "EICC 2019"]
[Site "Skopia"]
[Date "2019.03.22"]
[Round "5.5"]
[White "Azarov, Sergei"]
[Black "Gelfand, Boris"]
[Result "1/2-1/2"]
[WhiteElo "2585"]
[BlackElo "2655"]
[Annotator "TA"]
[PlyCount "75"]
[EventDate "2019.03.18"]
[EventType "swiss"]
[EventCountry "MKD"]
[SourceTitle "playchess.com"]
[Source "ChessBase"]
[SourceQuality "1"]

{[%evp 19,75,0,0,0,0,0,18,8,14,10,33,26,27,19,56,8,10,0,0,0,27,10,36,29,41,39,47,32,46,47,49,0,0,0,0,0,0,0,0,0,0,0,0,-50,-50,-50,-50,-50,-50,-50,-37,-37,-37,-37,-37,-37,-37,-37]} 1. e4 c5 2. Nf3 Nc6 3. d4 cxd4 4. Nxd4 Nf6 5. Nc3 e5 6. Ndb5 d6 7. Nd5 Nxd5 8. exd5 Nb8 {[%cal Bc6b8,Bb8d7,Bd7c5,Bc5e4][%mdl 32]} 9. a4 Be7 10. Be2 O-O 11. O-O {B33: Sicilian: Pelikan and Sveshnikov Variations} Nd7 12. Bd2 (12. b4 a6 13. Na3 a5 14. bxa5 Rxa5 15. Nc4 Ra8 16. Be3 f5 17. a5 f4 18. Bb6 Qe8 {½-½ (54) Caruana,F (2832)-Carlsen,M (2835) London 2018}) 12... a6 13. Na3 {The position is equal.} a5 14. f4 exf4 $146 ({Predecessor:} 14... Nb6 15. c4 Bf6 16. Nb5 Bd7 17. Qc2 exf4 18. Bxf4 Bxb5 19. axb5 {½-½ (53) Anokhin,Y (2384)-Manaenkov,V (2431) ICCF email 2015}) 15. Bxf4 Nc5 16. Nb5 Ne4 17. Ra3 Bd7 18. Kh1 Bxb5 19. Bxb5 f5 20. Raf3 Bf6 21. c3 Qe7 22. g4 Be5 $1 23. Bxe5 dxe5 24. Bd3 {[#] Black must now prevent Bxe4.} Qc5 25. Bxe4 fxe4 26. Rxf8+ Rxf8 27. Rxf8+ Kxf8 $14 {[%mdl 4096] Endgame KQ-KQ} 28. Kg2 Qe3 29. Qf1+ Ke7 30. Qf2 Qf4 31. Qxf4 (31. Qc5+ {feels hotter.} Kf7 32. Qc7+ Kg6 33. Qd6+ Kg5 34. Qe7+) 31... exf4 $11 {KP-KP. Black is slightly better.} 32. c4 Kd6 33. Kf2 Ke5 34. Ke2 h6 35. Kf2 g6 36. Ke2 h5 37. gxh5 gxh5 38. Kf2 {Accuracy: White = 78%, Black = 53%.} 1/2-1/2

[Event "EICC 2019"]
[Site "Skopia"]
[Date "2019.03.22"]
[Round "5.6"]
[White "Alekseenko, Kirill"]
[Black "Svane, Rasmus"]
[Result "1-0"]
[WhiteElo "2644"]
[BlackElo "2610"]
[Annotator "TA"]
[PlyCount "81"]
[EventDate "2019.03.18"]
[EventType "swiss"]
[EventCountry "MKD"]
[SourceTitle "playchess.com"]
[Source "ChessBase"]
[SourceQuality "1"]

{[%evp 12,81,12,9,29,14,9,12,13,19,27,25,17,21,11,0,0,1,6,14,25,0,15,11,19,14,14,0,0,0,0,0,0,0,-27,-135,-106,-188,-196,-218,-67,-151,-144,-143,-31,-129,-120,-292,-266,-283,49,59,392,417,417,424,418,417,418,419,418,414,374,385,485,466,647,581,785,781,1168,395]} 1. e4 e5 2. Nf3 Nc6 3. Bc4 Bc5 4. c3 Nf6 5. d3 d6 6. O-O h6 7. Nbd2 O-O {C54: Giuoco Piano: 4 c3 Nf6, main lines with 5 d4 and 5 d3} 8. Re1 a5 $146 (8... Be6 9. b4 Bb6 10. Bxe6 fxe6 11. Nc4 Ne7 12. h3 c6 13. a4 Bc7 14. Ne3 Ng6 15. Nf1 {½-½ (63) So,W (2780)-Nakamura,H (2777) chess.com INT 2018}) 9. Nf1 Be6 {The position is equal.} 10. Bb5 Ne7 11. d4 exd4 12. cxd4 Bb6 13. Ng3 d5 14. e5 Ne4 $1 15. Nxe4 dxe4 16. Rxe4 c5 17. Be3 Qd5 18. Bd3 $1 Bf5 19. Rh4 cxd4 {[#]} 20. Bxh6 $1 {[%mdl 512]} Bxd3 $1 (20... gxh6 21. Rxh6) 21. Qxd3 Ng6 $36 {[%mdl 2048] White is under pressure.} 22. Bxg7 (22. Rg4 Qe6 $17) 22... Kxg7 23. Rg4 (23. Qf5 $1 $11 {remains equal.}) 23... Rh8 24. h4 (24. Re1 $17) 24... Rh5 $19 25. Re1 {[#]} Qe6 $2 (25... Qxa2 $2 26. e6 $18) (25... Re8 $1 $19 26. b3 Re6) 26. Ree4 (26. Rg5 $15 Rxg5 27. Nxg5) 26... Rc8 $17 ({Don't do} 26... Qxa2 27. Ref4 $15) 27. g3 Rf5 (27... Qxa2 $6 28. e6 $11) (27... Rc6 $17 28. a3 Qd5) 28. Kg2 ({White has to play} 28. Re1 $15) 28... Rc1 29. Ng5 $2 (29. Re2 $17) 29... Qc6 (29... Qxa2 30. e6 $17) 30. e6 {[#]} Ne5 $2 (30... Qc2 $1 $19 31. Qxc2 Rxc2) 31. Nf3+ $14 Nxg4 $4 {[%mdl 8192]} (31... Kf8 $14 32. Rxe5 {[%mdl 64] Deflection} Rxe5 33. exf7 Rh5) 32. Rxg4+ $18 {[%mdl 64] Discovered Attack} Kf6 33. exf7 Bc5 {Strongly threatening ...Qxf3+!} 34. Rg8 Qxf3+ ({Of course not} 34... Ke6 35. Rg6+ Rf6 36. Qb3+ Kd7 37. Rxf6 $18) 35. Qxf3 Rxf3 36. f8=Q+ Bxf8 37. Rxf8+ Ke5 38. Kxf3 {White is clearly winning.} Rc2 39. h5 Rc6 40. g4 Rd6 41. Rf5+ $2 {[%mdl 32768] Accuracy: White = 31%, Black = 50%. . An unexpected result.} (41. Ke2 d3+ 42. Kd2) 1-0

[Event "EICC 2019"]
[Site "Skopia"]
[Date "2019.03.22"]
[Round "5.7"]
[White "Aleksandrov, Aleksej"]
[Black "Zvjaginsev, Vadim"]
[Result "1/2-1/2"]
[WhiteElo "2574"]
[BlackElo "2642"]
[Annotator "TA"]
[PlyCount "40"]
[EventDate "2019.03.18"]
[EventType "swiss"]
[EventCountry "MKD"]
[SourceTitle "playchess.com"]
[Source "ChessBase"]
[SourceQuality "1"]

{[%evp 22,27,20,14,15,5,11,8]} 1. d4 d5 2. c4 dxc4 3. Nf3 Nf6 4. e3 e6 5. Bxc4 c5 6. O-O a6 7. dxc5 Qxd1 8. Rxd1 Bxc5 9. b3 Nbd7 10. Be2 b6 11. Bb2 Bb7 12. Nbd2 {The position is equal.} O-O {D27: Queen's Gambit Accepted: Classical main line: 7 e4!? and 7 a4} 13. Rac1 (13. Nc4 Rfd8 14. Ne1 Bd5 15. Rac1 Rac8 16. Nd3 Be7 17. Nce5 Bb7 18. Nc4 Bd5 19. Nd2 Bb7 20. Kf1 h6 21. Bf3 {1-0 (51) Carlsen,M (2835)-Mamedyarov,S (2817) Wijk aan Zee 2019}) 13... Rfd8 14. a3 {[#]} {Predecessor:} Rac8 $146 15. b4 Be7 16. Nc4 Nd5 17. Nd4 Rc7 18. g3 Rdc8 19. e4 N5f6 20. f3 Ne8 {½-½ (20) Tunik,G (2440)-Makarov,M (2560) St Petersburg 1996} 1/2-1/2

[Event "EICC 2019"]
[Site "Skopia"]
[Date "2019.03.22"]
[Round "5.8"]
[White "Baron, Tal"]
[Black "Piorun, Kacper"]
[Result "0-1"]
[WhiteElo "2506"]
[BlackElo "2631"]
[Annotator "TA"]
[PlyCount "46"]
[EventDate "2019.03.18"]
[EventType "swiss"]
[EventCountry "MKD"]
[SourceTitle "playchess.com"]
[Source "ChessBase"]
[SourceQuality "1"]

{[%evp 9,46,44,41,30,65,57,56,61,71,35,73,44,59,55,70,32,116,93,107,-31,-52,-85,-68,-55,-94,-88,-59,-278,-283,-358,-353,-347,-337,-385,-361,-405,-384,-521,-388]} 1. d4 f5 2. Bf4 Nf6 3. e3 g6 4. h4 h6 (4... Bg7 5. h5 d6 6. hxg6 hxg6 7. Rxh8+ Bxh8 8. Bc4 Nc6 9. Nc3 e6 10. Nf3 Qe7 11. d5 Nd8 12. Qd2 {0-1 (35) Kryakvin,D (2588)-Najer,E (2670) St Petersburg 2018}) 5. Nc3 d6 6. Qf3 {A80: Dutch Defence: Unusual White second moves} Bg7 7. Qg3 Kf7 8. O-O-O {White is slightly better.} Nc6 $146 ({Predecessor:} 8... Nh5 9. Qf3 c6 10. Bd3 Rf8 11. Nge2 Kg8 12. Rhg1 {1-0 (31) Godart,F (2420)-Dionisi,T (2399) Brest 2018}) 9. Be2 e6 10. Bf3 Qe7 11. Nge2 e5 12. Nd5 $1 {[%cal Rd5e7]} Nxd5 (12... Qe6 $1 $14 13. Nxc7 Qxa2 14. Nxa8 (14. dxe5 dxe5 15. Bxe5 Nxe5 $14) 14... exf4 15. Nxf4 Ne7) 13. Bxd5+ $16 Kf8 {[#]} 14. dxe5 ({Of course not} 14. Qxg6 exf4 15. Nxf4 Qe8 $11) (14. e4 $1 $16) 14... dxe5 $15 15. e4 {aiming for Be3.} exf4 16. Nxf4 Ne5 $1 17. Bb3 {Threatening Rd5.} c6 {[#]} 18. Rhe1 $2 ({Better is} 18. Qxg6 $1 $15 {[%mdl 512]} Qf6 (18... Nxg6 19. Nxg6+) 19. Qxf6+ Bxf6 20. Nh5) 18... g5 $19 19. exf5 {Ng6+ is the strong threat.} gxf4 20. Qxf4 h5 {Threatens to win with ...Bh6.} 21. Kb1 a5 22. a4 Qf6 23. Qd4 {Strongly threatening Rxe5!} Bxf5 {Accuracy: White = 36%, Black = 64%.} 0-1

[Event "EICC 2019"]
[Site "Skopia"]
[Date "2019.03.22"]
[Round "5.9"]
[White "Gledura, Benjamin"]
[Black "Bartel, Mateusz"]
[Result "1/2-1/2"]
[WhiteElo "2630"]
[BlackElo "2600"]
[Annotator "TA"]
[PlyCount "49"]
[EventDate "2019.03.18"]
[EventType "swiss"]
[EventCountry "MKD"]
[SourceTitle "playchess.com"]
[Source "ChessBase"]
[SourceQuality "1"]

{[%evp 14,49,12,0,17,5,22,24,28,0,0,0,-6,0,0,-6,-2,-12,-9,-12,0,0,0,0,0,0,19,22,24,38,38,0,0,0,32,0,0,0]} 1. Nf3 d5 2. g3 g6 3. Bg2 Bg7 4. d4 c6 5. O-O Nf6 6. c3 O-O 7. Nbd2 Bf5 8. a4 {LiveBook: 3 Games. D02: 1 d4 d5 2 Nf3 sidelines, including 2...Nf6 3 g3 and 2...Nf6 3 Bf4} (8. Nh4 Be6 9. f4 Na6 10. f5 Bd7 11. e4 dxe4 12. Nxe4 Nxe4 13. Bxe4 Qb6 14. Qb3 Bf6 15. Bh6 Qxb3 16. axb3 {0-1 (62) Artemiev,V (2709)-Duda,J (2738) St Petersburg 2018}) 8... Qc8 9. Re1 a5 10. Nh4 {[%cal Bf3h4,Bh4g2,Bg2f4][%mdl 32]} Bh3 $146 ({Predecessor:} 10... Bg4 11. Qc2 Re8 12. e4 e5 13. exd5 exd4 14. Rxe8+ Qxe8 15. c4 cxd5 16. cxd5 {0-1 (40) Nguyen,T (1800)-Luong,P (2180) Ho Chi Minh City 2018}) 11. e4 Bxg2 12. Nxg2 Nxe4 13. Nxe4 dxe4 14. Rxe4 e6 15. Nf4 Nd7 16. Nd3 c5 17. dxc5 Nxc5 18. Nxc5 Qxc5 19. Qb3 Rfd8 20. Be3 Qc6 21. Rc4 $1 {[%cal Rc4c6]} Qf3 22. Rf4 Qc6 $1 23. Rc4 Qf3 $1 24. Rf4 Qc6 25. Rc4 {Accuracy: White = 58%, Black = 48%.} 1/2-1/2

[Event "EICC 2019"]
[Site "Skopia"]
[Date "2019.03.22"]
[Round "5.10"]
[White "Dubov, Daniil"]
[Black "Lomasov, Semyon"]
[Result "1-0"]
[WhiteElo "2703"]
[BlackElo "2559"]
[Annotator "TA"]
[PlyCount "69"]
[EventDate "2019.03.18"]
[EventType "swiss"]
[EventCountry "MKD"]
[SourceTitle "playchess.com"]
[Source "ChessBase"]
[SourceQuality "1"]

{[%evp 16,69,19,6,8,3,16,0,27,38,53,48,58,62,102,37,69,9,11,25,16,10,135,118,123,117,135,138,139,138,502,465,887,884,841,859,838,822,1044,989,978,925,3131,3166,29959,29944,29982,29983,29980,29981,29981,29985,29985,29985,29985,29986]} 1. e4 e6 2. d4 d5 3. Nc3 Nf6 4. Bg5 dxe4 5. Nxe4 Nbd7 6. Nxf6+ Nxf6 7. Nf3 h6 8. Bxf6 Qxf6 9. Bb5+ c6 {C10: French with 3 Nc3: Unusual Black 3rd moves and 3...dxe4} 10. Bd3 Bd7 (10... Bd6 11. Qe2 Bd7 12. O-O-O O-O-O 13. Kb1 Kb8 14. Be4 e5 15. dxe5 Bxe5 16. Bxc6 Bxc6 17. Nxe5 Bxg2 {0-1 (26) Naiditsch,A (2657)-Nisipeanu,L (2668) Bled 2016}) 11. O-O Bd6 {The position is equal.} 12. Qe2 O-O-O 13. a4 $146 ({Predecessor:} 13. b4 g5 14. c4 Be8 15. b5 g4 16. Ne5 c5 17. Be4 {½-½ (71) Horvath,A (2494)-Balog,I (2494) Heviz 2010}) 13... h5 14. a5 h4 {[#]} 15. b4 ({White should try} 15. c4 $1 $16) 15... g5 (15... Bxb4 $6 16. Rfb1 $16) 16. b5 (16. c3 $14) 16... g4 $11 17. Ne5 {Black must now prevent f4.} Qf4 $1 {And now ...f6 would win.} 18. b6 {[%cal Bb5b6,Bb6a7][%mdl 32]} f6 (18... a6 $11 19. Ra4 Rh5) 19. bxa7 ({But not} 19. Nxg4 $2 Rdg8 $19) 19... Kc7 20. c3 $40 {[%mdl 128] White is out for blood.} (20. Nxg4 Rhg8 $19) 20... Bxe5 21. dxe5 Qxe5 22. Qxg4 {Qb4 is the strong threat.} Qxc3 $2 {[%mdl 8192]} (22... h3 $16 {is a better chance.} 23. Rfe1 (23. gxh3 Rdg8 $15) 23... Qxc3) 23. Qf3 Ra8 (23... e5 $142 24. Rfc1 Qd2) 24. Qe3 $18 Kd6 25. Rfd1 {White threatens Bc4+ and mate.} Ke7 26. Qb6 Rhd8 27. a6 bxa6 28. Bxa6 h3 29. Bb7 {[%mdl 64] [#] Trapped Piece} Rg8 30. Bxa8 {White mates.} Rxg2+ 31. Kh1 Rxh2+ 32. Kxh2 Qe5+ 33. Kxh3 Qf5+ 34. Kg3 Qg6+ 35. Kf3 {Accuracy: White = 64%, Black = 31%.} 1-0

[Event "EICC 2019"]
[Site "Skopia"]
[Date "2019.03.22"]
[Round "5.11"]
[White "Solak, Dragan"]
[Black "Kovalev, Vladislav"]
[Result "0-1"]
[WhiteElo "2601"]
[BlackElo "2703"]
[Annotator "TA"]
[PlyCount "85"]
[EventDate "2019.03.18"]
[EventType "swiss"]
[EventCountry "MKD"]
[SourceTitle "playchess.com"]
[Source "ChessBase"]
[SourceQuality "1"]

{[%evp 20,85,-3,2,8,16,44,36,33,31,44,-5,30,-12,0,-34,-26,-33,-29,-37,-35,-41,-43,-44,-38,-42,-35,-118,-120,-133,-105,-110,-105,-129,-125,-126,-130,-158,-154,-160,-151,-153,-156,-156,-142,-151,-112,-165,-146,-231,-234,-241,-237,-697,-690,-707,-717,-29972,-29976,-29976,-29977,-29977,-29978,-29978,-29979,-29978,-29980,-29978]} 1. e4 e5 2. Nf3 Nc6 3. d4 exd4 4. Nxd4 Nf6 5. Nxc6 bxc6 6. e5 Qe7 7. Qe2 Nd5 8. c4 Nb6 9. Nc3 Qe6 10. Qe4 g6 {C45: Scotch Game} 11. Bd2 {LiveBook: 33 Games} Bb7 (11... Bg7 12. c5 Nd5 13. Bc4 Qxe5 14. Qxe5+ Bxe5 15. Bxd5 cxd5 16. O-O-O O-O 17. Nxd5 Rb8 18. Bc3 Bxc3 19. Nxc3 {1-0 (49) Yu,Y (2729)-Dominguez Perez,L (2739) Doha 2016}) 12. Bd3 Bg7 $146 {The position is equal.} ({Predecessor:} 12... O-O-O 13. O-O c5 14. Qe2 Bg7 15. Rfe1 Rde8 16. Bf4 g5 17. Bg3 h5 18. h3 {0-1 (56) Rusan,P (2161)-Miron,L (2460) Arad 2018}) 13. O-O O-O 14. c5 Nd5 15. f4 Qe7 16. Qc4 a5 17. Ne4 Ba6 18. Qc2 Bxd3 19. Qxd3 f5 $36 {[%mdl 2048] Black fights for an advantage.} 20. exf6 Nxf6 21. Qc4+ Qf7 22. Qxf7+ Rxf7 23. Rae1 ({Better is} 23. Ng5 $15) 23... Nd5 $17 24. Bc3 Rxf4 25. Rxf4 Nxf4 26. Rd1 Nd5 27. Bxg7 Kxg7 {[%mdl 4096] Endgame KRN-KRN} 28. Nc3 Nf6 29. Kf2 Re8 30. a3 Kf7 31. b4 axb4 32. axb4 Rb8 33. Rd4 (33. Rb1 $17) 33... Ke6 $19 34. g4 (34. Ke3 $17) 34... Ke5 35. Ke3 {If only White now had time for g5....} Ra8 36. g5 $2 {[#]} (36. Rc4) 36... Nd5+ $1 37. Nxd5 {[#] KRN-KR} Ra3+ $1 ({Weaker is} 37... cxd5 38. Rh4 $17) 38. Rd3 Rxd3+ {Black mates.} 39. Kxd3 Kxd5 40. Ke3 Ke5 41. Kf3 d5 42. cxd6 cxd6 43. Ke3 {Precision: White = 31%, Black = 76%.} 0-1

[Event "EICC 2019"]
[Site "Skopia"]
[Date "2019.03.22"]
[Round "5.12"]
[White "Antipov, Mikhail Al."]
[Black "Saric, Ivan"]
[Result "1/2-1/2"]
[WhiteElo "2594"]
[BlackElo "2703"]
[Annotator "TA"]
[PlyCount "109"]
[EventDate "2019.03.18"]
[EventType "swiss"]
[EventCountry "MKD"]
[SourceTitle "playchess.com"]
[Source "ChessBase"]
[SourceQuality "1"]

{[%evp 17,109,25,21,21,19,25,31,29,35,22,49,46,52,49,47,30,43,0,8,0,0,-20,-12,-14,0,0,0,0,0,0,0,0,0,0,0,-58,-52,-67,-8,-8,-8,-8,-8,-11,-18,-13,-26,-17,-8,-8,-8,-12,0,0,0,0,0,0,0,0,0,0,0,-8,-7,-13,-9,-14,-9,-13,-15,-16,-9,-16,-16,-16,-16,-16,0,0,0,0,0,0,0,0,0,0,0,0,0,0,0,0]} 1. Nf3 d5 2. d4 Nf6 3. c4 c6 4. e3 Bg4 5. h3 Bh5 6. Nbd2 {D11: Slav Defence: 3 Nf3 sidelines and 3...Nf6 4 e3 Bg4} e6 7. g4 Bg6 8. Ne5 Nbd7 9. Nxg6 hxg6 {LiveBook: 43 Games} 10. g5 Ng8 {[%cal Bf6g8,Bg8e7,Be7f5][%mdl 32]} 11. h4 Ne7 12. Nf3 Nf5 13. Bd3 Bb4+ {[#]} 14. Ke2 $146 Ba5 15. cxd5 cxd5 16. Qb3 Nd6 17. Ne5 a6 18. f4 Rc8 19. Bd2 Bxd2 20. Kxd2 Qa5+ 21. Ke2 Nxe5 22. fxe5 Nc4 23. Bxc4 Rxc4 24. Rac1 b5 25. Rxc4 dxc4 $11 {[%mdl 4096] Endgame KQR-KQR} 26. Qc2 (26. Qc3 $1 $11 Qxc3 27. bxc3) 26... Qxa2 $15 27. Kf3 Qb3 (27... O-O $1 $15) 28. Qxb3 $11 cxb3 {KR-KR} 29. Ra1 Rxh4 30. Kg3 Rh5 31. Rxa6 Rxg5+ 32. Kf2 Rf5+ {The position is equal.} 33. Kg2 $1 Kd7 34. Rb6 f6 35. Rxb5 fxe5 36. dxe5 Kc6 37. Rxb3 Rxe5 38. Kf3 Rf5+ 39. Kg3 Kd5 40. Rb4 {[#] e4+ is the strong threat.} Ke5 41. Rg4 g5 {[%cal Bg6g5,Bg5g4][%mdl 32]} 42. b4 Kf6 43. Rc4 Rf1 44. Rc5 Rg1+ 45. Kf3 g4+ 46. Kf2 $1 {[%cal Rf2g1]} Rb1 47. Rc4 Kf5 {Hoping for ...e5.} 48. Rf4+ $1 Kg5 49. Kg3 Rg1+ 50. Kf2 Rh1 {aiming for ...Kh4.} 51. Kg2 $1 {[%cal Rg2h1]} Re1 52. Kf2 Rh1 {Threatens to win with ...Kh4.} 53. Kg2 $1 {[%cal Rg2h1]} Rh3 54. Re4 Kf5 55. Rf4+ {Precision: White = 69%, Black = 71%.} 1/2-1/2

[Event "EICC 2019"]
[Site "Skopia"]
[Date "2019.03.22"]
[Round "5.13"]
[White "Mamedov, Rauf"]
[Black "Huschenbeth, Niclas"]
[Result "1-0"]
[WhiteElo "2701"]
[BlackElo "2594"]
[Annotator "TA"]
[PlyCount "53"]
[EventDate "2019.03.18"]
[EventType "swiss"]
[EventCountry "MKD"]
[SourceTitle "playchess.com"]
[Source "ChessBase"]
[SourceQuality "1"]

{[%evp 20,53,2,-24,0,-8,-2,0,0,-4,-2,-2,-5,0,-22,-14,-16,-31,0,-22,-32,-31,0,0,0,0,0,0,-25,0,854,811,1299,1211,1188,1159]} 1. e4 e5 2. Nf3 Nc6 3. Bc4 Bc5 4. c3 Nf6 5. d3 d6 6. Nbd2 O-O 7. b4 Bb6 8. a4 a5 9. b5 Ne7 10. O-O Ng6 11. Ba2 d5 {C54: Giuoco Piano: 4 c3 Nf6, main lines with 5 d4 and 5 d3} (11... c6 12. Nc4 Bc7 13. Re1 Re8 14. Bg5 Be6 15. Ne3 d5 16. Bxf6 gxf6 17. g3 Qd7 18. Nd2 f5 19. exf5 Bxf5 20. Nxf5 Qxf5 {½-½ (44) Jobava,B (2665)-Caruana,F (2808) Baku 2016}) 12. exd5 Nxd5 13. Ne4 Bf5 {The position is equal.} 14. Ba3 Re8 $1 15. Nfg5 h6 16. Nxf7 Kxf7 17. c4 (17. Qh5 Be6 $15) 17... Bxe4 18. dxe4 {aiming for c5.} Nc3 {[%mdl 64] [#] Double Attack, Discovered Attack} 19. c5+ Nxa2 20. Qb3+ $146 Re6 $1 {White must now prevent ...Nb4!} 21. Rfd1 Qe7 {Strongly threatening ...Nb4.} 22. cxb6 Nb4 23. bxc7 Qxc7 {Black wants to play ...Nf4.} 24. Rac1 Qb6 $2 {[%mdl 8192] [#]} (24... Qe7 $11) 25. Rd7+ $18 {White is clearly winning.} Kf8 26. Bxb4+ axb4 27. a5 {Accuracy: White = 61%, Black = 63%.} 1-0

[Event "EICC 2019"]
[Site "Skopia"]
[Date "2019.03.22"]
[Round "5.14"]
[White "Donchenko, Alexander"]
[Black "Grandelius, Nils"]
[Result "0-1"]
[WhiteElo "2593"]
[BlackElo "2694"]
[Annotator "TA"]
[PlyCount "66"]
[EventDate "2019.03.18"]
[EventType "swiss"]
[EventCountry "MKD"]
[SourceTitle "playchess.com"]
[Source "ChessBase"]
[SourceQuality "1"]

{[%evp 15,66,0,0,0,0,2,5,0,21,28,28,0,7,12,15,9,28,-32,-31,-82,-76,-94,-93,-83,-64,-83,-97,-118,-114,-227,-223,-443,-464,-448,-449,-505,-505,-496,-496,-462,-324,-320,-322,-287,-150,-237,-249,-897,-895,-887,-887,-29985,-29986]} 1. c4 c5 2. g3 g6 3. Bg2 Bg7 4. Nc3 Nc6 5. Nf3 e5 6. O-O d6 7. a3 Nge7 8. b4 O-O 9. Rb1 {A37: Symmetrical English vs ...g6: 4 Bg2 Bg7 5 Nf3} f5 10. Ne1 Rb8 11. Nc2 {The position is equal.} f4 12. e3 $146 ({Predecessor:} 12. d3 Bg4 13. bxc5 dxc5 14. Ne4 b6 15. h3 {1-0 (75) Flores,D (2513)-De Dovitiis,A (2345) Vicente Lopez 2005}) 12... Be6 13. Nd5 Qd7 14. b5 Nd8 15. exf4 exf4 16. d4 (16. Nxf4 $11 Bxc4 {[%mdl 64] Double Attack} 17. Re1) 16... fxg3 $15 {aiming for ...Nxd5.} 17. hxg3 (17. Nxe7+ $15 Qxe7 18. fxg3) 17... Nxd5 $17 18. cxd5 Bg4 $1 {[%cal Rg4d1]} 19. Qd2 Nf7 20. dxc5 dxc5 21. Ne3 {[#]} Bh3 $1 22. Bxh3 (22. d6 $17 {keeps fighting.}) 22... Qxh3 $19 23. Nc4 $2 (23. Rb3) 23... Bd4 24. Rb3 Rbd8 25. d6 Nxd6 26. Nxd6 Rxd6 27. Qe2 Rd5 {Threatens to win with ...Rh5.} 28. Rf3 {[#]} Rxf3 $1 29. Qxf3 Qf5 $40 {[%mdl 128] Black goes for the king.} (29... Rf5 $19 30. Bf4 g5 31. Qb3+ Rf7) 30. Qb3 (30. Kg2 $17) 30... Qe4 31. Bh6 $2 (31. Be3) 31... Kh8 {( -> ...Rh5)} 32. Be3 Rh5 {[%csl Ge4][%cal Rh5h1]} 33. Bxd4+ cxd4 {Accuracy: White = 36%, Black = 68%.} ({Worse is} 33... Qxd4 34. Rd1 $11) 0-1

[Event "EICC 2019"]
[Site "Skopia"]
[Date "2019.03.22"]
[Round "5.15"]
[White "Ter-Sahakyan, Samvel"]
[Black "Ponomariov, Ruslan"]
[Result "1/2-1/2"]
[WhiteElo "2590"]
[BlackElo "2667"]
[Annotator "TA"]
[PlyCount "62"]
[EventDate "2019.03.18"]
[EventType "swiss"]
[EventCountry "MKD"]
[SourceTitle "playchess.com"]
[Source "ChessBase"]
[SourceQuality "1"]

{[%evp 9,62,1,8,13,5,0,8,0,0,0,0,0,0,0,0,0,0,0,0,0,0,0,0,-1,0,-17,12,-54,0,0,0,0,0,0,0,0,7,0,22,0,0,0,0,0,-11,-47,-45,-39,-20,-27,-30,-33,-8,-6,-8]} 1. e4 c6 2. d4 d5 3. e5 c5 4. dxc5 e6 5. Be3 Nd7 6. Nf3 {B12: Caro-Kann: Advance Variation} Bxc5 7. Bxc5 Nxc5 8. Qd4 Qb6 9. a4 Ne7 10. a5 Qc7 11. Qc3 Bd7 12. b4 Na6 $36 {[%mdl 2048] Black has the initiative.} 13. Qb2 O-O $146 ({Predecessor:} 13... Rc8) 14. Bd3 Ng6 15. O-O Nf4 16. Ra3 Rfc8 17. Rc3 Qd8 18. Na3 (18. Bxa6 $11 bxa6 19. Re1) 18... Qe7 ({Black should play} 18... Rxc3 $15 19. Qxc3 Rc8) 19. Bxa6 $11 bxa6 20. Re3 Rab8 21. c3 d4 22. Nxd4 Qg5 $1 {[%csl Gf4][%cal Rg5g2] [#]} 23. g3 Nd5 24. f4 Qd8 $1 25. Rd3 Qxa5 $1 26. bxa5 Rxb2 27. Rb1 (27. c4 {looks sharper.} Nb4 28. Rdd1 Nc6 29. Rf2 Rbb8 30. Nf5) 27... Rxb1+ 28. Nxb1 h5 29. Kf2 Bb5 30. Rd2 Nxc3 31. Nxc3 Rxc3 {Accuracy: White = 72%, Black = 73%.} 1/2-1/2

[Event "EICC 2019"]
[Site "Skopia"]
[Date "2019.03.22"]
[Round "5.16"]
[White "Dreev, Aleksey"]
[Black "Can, Emre"]
[Result "1/2-1/2"]
[WhiteElo "2662"]
[BlackElo "2586"]
[Annotator "TA"]
[PlyCount "55"]
[EventDate "2019.03.18"]
[EventType "swiss"]
[EventCountry "MKD"]
[SourceTitle "playchess.com"]
[Source "ChessBase"]
[SourceQuality "1"]

{[%evp 11,55,6,13,8,14,12,22,26,28,28,24,17,21,14,12,12,17,8,45,33,19,26,40,23,41,44,44,38,40,18,24,20,14,14,22,19,14,8,8,8,8,8,24,8,10,5]} 1. d4 Nf6 2. Nf3 d5 3. c4 e6 4. Nc3 Bb4 5. Qa4+ Nc6 6. e3 O-O 7. Qc2 {D38: Queen's Gambit Declined: Ragozin Defence (4 Nf3 Bb4)} dxc4 8. Bxc4 {[#]} e5 $1 {[%mdl 512]} 9. dxe5 Ng4 10. a3 $146 ({Predecessor:} 10. O-O Ngxe5 11. Nxe5 Nxe5 12. Be2 Bg4 13. f3 Bd7 14. a3 Bd6 {1-0 (28) Shirov,A (2696)-Hou,Y (2609) Tromsoe 2013}) 10... Ngxe5 11. Nxe5 Nxe5 12. axb4 {[#] And now Be2 would win.} Nxc4 13. O-O Be6 14. b5 Nb6 15. e4 Qe7 16. Bf4 Rfd8 17. h3 Bc4 18. Rfd1 Rxd1+ 19. Rxd1 Rd8 20. Rd2 h6 21. Qd1 Rxd2 22. Qxd2 a6 23. bxa6 Bxa6 24. b3 c6 25. Qd4 Nd7 26. b4 c5 27. bxc5 Qxc5 28. Qxd7 {Accuracy: White = 38%, Black = 65%.} 1/2-1/2